| 000 | 00619nam a2200205 4500 | ||
|---|---|---|---|
| 001 | 121646 | ||
| 003 | ES-MaACL | ||
| 005 | 20230906191807.0 | ||
| 007 | t| | ||
| 008 | 070214s1983 sp r ||||1| spa d | ||
| 100 | 1 |
_aPortal, Marta. _993192 |
|
| 245 | 1 | 0 |
_aPago de traición _b: novela / _cMarta Portal. |
| 250 | _a1ª. ed. | ||
| 260 |
_aBarcelona : _bPlaneta, _c1983. |
||
| 300 |
_a201 p. : _bil. ; _c18 cm. |
||
| 490 | 1 | _aColección Autores españoles e hispanoamericanos | |
| 830 | 0 |
_aColección Autores españoles e hispanoamericanos _9184325 |
|
| 852 |
_aES-MaACL _jL-6458 _bR.107126 |
||
| 999 |
_c121646 _d121646 |
||